000 01869nam a22002537a 4500
003 DO-SdBNP
005 20210514131459.0
008 2018 dr|||| 00| 0 spa d
020 _a9789945503456
040 _aBPMSU
_bspa
_cBPMSU
082 _aRD863.4408
_bN234c 2018
_222
245 1 0 _aNarradores del Cibao 1828 -1924 /
_cSelección y Prólogo de José Enrique García /
260 _aSanto Domingo :
_bEditora Nacional;
_bMinisterio de Cultura,
_c2018.
300 _a222 p. ,
_c23 cm.
490 0 _aHomenaje;
_aNarrativa
505 0 _a-- indice -- Prólogo -- José Enrique García -- Pedro Francisco Bonó (1828 - 1906 ) -- En el cantón de Bermejo -- Federico García Godoy (1828 - 1924 ) -- La cita -- José Ramón López (1866 - 1922 ) -- Al podre no lo llaman para cosa buena -- El general Fico -- Virginia Elena Ortea (1866 - 1903 ) -- La mala madrastra -- Ramón Emilio Jiménez ( 1866 -1970 ) -- un baecista con Lilís -- Una comisión de notable ante Lilís -- Julio Vega Batle (1899 -1973 ) -- El pavo real -- El tren no Expreso -- Augustín Ayban (1902 - 1956 ) Sor de moca --b Tomás Hernández Franco (1904 -1952 ) La última aventura de charlot -- Anselma y Malena -- Manuel del Cabral (1907 -1999 ) El antojo -- El centavo -- Juan Bosch ( 1909 - 2001 ) -- Guaraguaos -- La verdad -- Hilma Contreras ( 1913- 2006 ) La Carnada -- La virgen del aljibe -- Aída Cartagena Portalatía (1918 - 1994) -- La llamaban Aurora -- La fuerza aniquilada -- Manuel Rueda (1921 - 1999 ) De hombre y gallos -- Autobiografía -- Virgilio Díaz Grullón (1924 -2001) -- Dos peso para Cirilo -- Un epitafio para don Justo.
590 _6inventariado, 2021/VM
650 4 _aCuentos dominicanos
650 4 _aLiteratura dominicana
650 4 _aAutores dominicanos
_ySiglo XX
700 1 _aEnrique García, José
_ecomp.
910 _aMcabrera
942 _2ddc
_cBK
999 _c13497
_d13497